[Event "TCh-LTU 2017"]
[Site "masterchessopen.com Lithuania LTU"]
[Date "2017.02.18"]
[Round "3.7"]
[White "Bieliauskas,M"]
[Black "Martinkus,R"]
[Result "1-0"]
[WhiteElo "2154"]
[BlackElo "2198"]
[EventType "team"]

1.c4 d6 2.Nc3 e5 3.g3 h5 4.h3 Ne7 5.Bg2 Nbc6 6.e3 Be6 7.Nd5 Qd7 8.d3 Bxd5
9.cxd5 Nb4 10.e4 Qb5 11.Ke2 c6 12.dxc6 Nexc6 13.Nf3 d5 14.a3 dxe4 15.axb4
exf3+ 16.Bxf3 Bxb4 17.Be3 Rd8 18.Qb3 O-O 19.Rhc1 Nd4+ 20.Bxd4 Rxd4 21.Rc4 Rfd8
22.Rac1 a5 23.Rxd4 exd4 24.h4 Re8+ 25.Kf1 Qe5 26.Bxb7 Qe2+ 27.Kg2 Re7 28.Rc8+
Kh7 29.Qd5 Qe5 {#r} 1-0

[Event "TCh-LTU 2017"]
[Site "masterchessopen.com Lithuania LTU"]
[Date "2017.02.18"]
[Round "4.1"]
[White "Kovalev,An"]
[Black "Laurusas,T"]
[Result "1-0"]
[WhiteElo "2501"]
[BlackElo "2433"]
[EventType "team"]

1.e4 e5 2.Nf3 Nf6 3.Nxe5 d6 4.Nf3 Nxe4 5.d4 Be7 6.Bd3 Nf6 7.h3 O-O 8.O-O Nbd7
9.c4 Re8 10.Nc3 c6 11.Re1 Nf8 12.d5 Ng6 13.Qb3 Qc7 14.Bg5 Bd7 15.Rad1 Rad8
16.c5 cxd5 17.Bxg6 hxg6 18.Rxe7 Rxe7 19.Bxf6 gxf6 20.Nxd5 Be6 21.Nxf6+ Kf8
22.Qe3 {#r} 1-0

[Event "TCh-LTU 2017"]
[Site "masterchessopen.com Lithuania LTU"]
[Date "2017.02.18"]
[Round "4.1"]
[White "Sakalauskas,V"]
[Black "Grabliauskas,V"]
[Result "1-0"]
[WhiteElo "2357"]
[BlackElo "2367"]
[EventType "team"]

1.d4 Nf6 2.c4 e6 3.Nc3 Bb4 4.Qc2 O-O 5.Nf3 c5 6.dxc5 Na6 7.e3 Nxc5 8.Bd2 b6
9.Be2 Bb7 10.O-O Qe7 11.a3 Bxc3 12.Bxc3 Nfe4 13.Bd4 Ng5 14.Nd2 e5 15.Bc3 f5
16.f3 d6 17.b4 Nd7 18.Rae1 Rf6 19.Bd3 Raf8 20.Kh1 Qf7 21.f4 Ne6 22.Be2 Rh6
23.Bf3 Bxf3 24.Rxf3 Rh4 25.Ref1 exf4 26.exf4 Qh5 27.h3 Qh6 28.Qd3 Nxf4 29.Qe3
Nh5 30.Qxh6 gxh6 31.g3 Rxh3+ 32.Kg2 Rxg3+ 33.Rxg3+ Nxg3 34.Kxg3 Ne5 35.Kf4
Ng6+ 36.Ke3 f4+ 37.Kd4 Kf7 38.Re1 h5 39.Nf3 h6 40.Rh1 Re8 41.Re1 Rc8 42.Rh1 h4
43.Kd3 Re8 44.Bd4 Rg8 45.Nxh4 Ne7 46.Rg1 Rxg1 47.Bxg1 Kf6 48.Ke4 Kg5 49.Ng2
Kg4 50.Nxf4 h5 51.Bh2 h4 52.Nd5 Nc8 53.Bf4 h3 54.b5 {#r} 1-0

[Event "TCh-LTU 2017"]
[Site "masterchessopen.com Lithuania LTU"]
[Date "2017.02.18"]
[Round "4.1"]
[White "Brazdzionis,A"]
[Black "Stauskas,Lukas"]
[Result "1-0"]
[WhiteElo "2288"]
[BlackElo "2272"]
[EventType "team"]

1.e4 c5 2.Nf3 d6 3.d4 cxd4 4.Nxd4 Nf6 5.Nc3 a6 6.Bg5 Nbd7 7.Qe2 e6 8.f4 Qc7
9.O-O-O Be7 10.g4 b5 11.a3 Bb7 12.Bg2 Rc8 13.Bxf6 gxf6 14.Rhe1 Nb6 15.Nd5 exd5
16.exd5 Kd8 17.Nf5 Re8 18.Rd3 Qd7 19.Re3 Kc7 20.Rxe7 Rxe7 21.Qxe7 Bxd5
22.Qxd7+ Kxd7 23.Re7+ Kc6 24.Bxd5+ Nxd5 25.Rxf7 Rg8 26.h3 Rh8 27.h4 Re8
28.Rxh7 Nxf4 29.h5 Re1+ 30.Kd2 Re2+ 31.Kd1 Rg2 32.Rg7 Ne6 33.h6 Ng5 34.Ra7 Ne4
35.Rxa6+ Kb7 36.Ra5 Rxg4 37.Rxb5+ Kc6 38.Rb8 Ng5 39.Rd8 Rf4 40.Rxd6+ Kc5
41.Rxf6 Kd5 {#r} 1-0

[Event "TCh-LTU 2017"]
[Site "masterchessopen.com Lithuania LTU"]
[Date "2017.02.18"]
[Round "4.2"]
[White "Sulskis,S"]
[Black "Pultinevicius,Paulius"]
[Result "1-0"]
[WhiteElo "2518"]
[BlackElo "2391"]
[EventType "team"]

1.e4 c5 2.Nf3 d6 3.d4 cxd4 4.Nxd4 Nf6 5.Nc3 a6 6.Bg5 Nbd7 7.Bc4 h6 8.Bxf6 Nxf6
9.Qe2 e5 10.Nf5 g6 11.Ne3 b5 12.Bb3 Bb7 13.Ned5 Nxd5 14.Bxd5 Bxd5 15.Nxd5 Bg7
16.a4 O-O 17.O-O bxa4 18.Rxa4 a5 19.Rfa1 f5 20.b4 {#r} 1-0

[Event "TCh-LTU 2017"]
[Site "masterchessopen.com Lithuania LTU"]
[Date "2017.02.18"]
[Round "4.2"]
[White "Steponavicius,S"]
[Black "Arulis,A"]
[Result "1-0"]
[WhiteElo "2173"]
[BlackElo "2078"]
[EventType "team"]

1.d4 e6 2.c4 f5 3.Nf3 Nf6 4.g3 Bb4+ 5.Bd2 Qe7 6.Bg2 O-O 7.O-O Bxd2 8.Nbxd2 d6
9.Qc2 Nc6 10.e4 fxe4 11.Nxe4 e5 12.d5 Nb4 13.Nxf6+ Qxf6 14.Qc3 a5 15.a3 Na6
16.Nd2 Bg4 17.Ne4 Qg6 18.b4 Bf5 19.Rae1 b6 20.Re3 Nb8 21.c5 axb4 22.axb4 bxc5
23.bxc5 Ra4 24.Rfe1 Rd4 25.c6 Na6 26.Nd2 Nc5 27.Nf3 Rd3 28.Rxd3 Nxd3 29.Nh4
Qf7 30.Nxf5 Qxf5 31.Rf1 e4 32.Qd4 Re8 33.Rd1 Nc5 34.h4 Re5 35.Kh2 g5 36.hxg5
Qxg5 37.Kg1 Qg7 38.Qb4 Qf7 39.Qd4 Qf5 40.Qb4 Kg7 41.Qd4 Qg5 42.Re1 Qf5 43.Bf1
Kf7 44.Bc4 Qf6 45.f4 Re8 46.Qxf6+ Kxf6 47.Kf2 Rb8 48.Rh1 Kg7 49.Ra1 Rb2+
50.Ke3 Rb4 51.Be2 Na4 52.Rd1 Rb3+ 53.Kd4 Rb4+ 54.Ke3 Nc3 55.Rd2 Kf6 56.Bg4 Rb3
57.Kd4 e3 58.Rh2 Ra3 59.Rxh7 e2 60.Rh6+ Kg7 61.Re6 Nb5+ 62.Kc4 Rxg3 63.Bxe2
Na3+ 64.Kb4 Nc2+ 65.Kc4 Na3+ 66.Kd4 Nc2+ 67.Kc4 Ne3+ 68.Kb5 Nxd5 69.Bc4 Nc3+
70.Kb4 d5 71.Bb3 Kf7 72.Re5 Kf6 73.Bxd5 Nd1 74.Bc4 Ne3 75.Re6+ Kf5 76.Re7 Nc2+
77.Kc5 Rc3 78.Rxc7 Na3 79.Kb4 Rxc4+ 80.Kxa3 Ke6 81.Kb3 Rc5 82.Kb4 Kd6 83.Rd7+
Kxc6 84.Rc7+ Kxc7 85.Kxc5 Kd7 86.Kd5 Ke7 87.Ke5 Kf7 88.Kf5 {#r} 1-0

[Event "TCh-LTU 2017"]
[Site "masterchessopen.com Lithuania LTU"]
[Date "2017.02.18"]
[Round "4.3"]
[White "Juknis,P"]
[Black "Kveinys,A"]
[Result "0-1"]
[WhiteElo "2235"]
[BlackElo "2504"]
[EventType "team"]

1.e4 c5 2.Nf3 e6 3.g3 Nc6 4.Bg2 Nf6 5.Qe2 e5 6.O-O Be7 7.c3 O-O 8.Na3 Re8 9.d3
h6 10.Nc4 Bf8 11.a4 d6 12.Bd2 g6 13.Ne3 Be6 14.c4 Nd4 15.Nxd4 exd4 16.Nc2 d5
17.cxd5 Bxd5 18.Na3 Bb3 19.Nc4 Bxc4 20.dxc4 d3 21.Qe3 Ng4 22.Qe1 Bg7 23.Qc1
Qb6 24.Bc3 Rad8 25.Bxg7 Kxg7 26.Qc3+ Qf6 27.Ra3 Rd4 28.b3 d2 29.Raa1 Nxf2 {#R}
0-1

[Event "TCh-LTU 2017"]
[Site "masterchessopen.com Lithuania LTU"]
[Date "2017.02.18"]
[Round "4.3"]
[White "Zagorskis,D"]
[Black "Ceponis,Tadas"]
[Result "1-0"]
[WhiteElo "2466"]
[BlackElo "2117"]
[EventType "team"]

1.Nf3 d5 2.d4 Bf5 3.c4 e6 4.Nc3 c6 5.Qb3 Qb6 6.c5 Qc7 7.Bf4 Qc8 8.e3 Be7 9.Be2
Nf6 10.h3 O-O 11.O-O Ne4 12.Nxe4 Bxe4 13.Qc3 Nd7 14.b4 Re8 15.Nd2 Bg6 16.Nb3
Bf6 17.Bd6 Be7 18.Bg3 Bd8 19.b5 Bc7 20.bxc6 bxc6 21.Bxc7 Qxc7 22.Qa5 Rac8
23.Ba6 Qxa5 24.Nxa5 Rc7 25.Bb7 Nb8 26.Rfd1 f6 27.Rd2 e5 28.Rb2 exd4 29.exd4
Bf5 30.Rc1 Bd3 31.a4 Bf5 32.f3 h5 33.g4 Bd7 34.Kf2 Kh7 35.Rcb1 Kg8 36.gxh5 Kh7
37.h4 Bf5 38.Re1 Rxe1 39.Kxe1 Bd7 40.Re2 Kg8 41.Kf2 Kf8 42.Kg3 Be8 43.Kg4 Bd7+
44.Kf4 Be8 45.Rb2 Kg8 46.Ba8 Na6 47.Re2 Kf8 48.Kf5 Bxh5 49.Nxc6 Bxf3 50.Rb2
Be4+ 51.Ke6 g5 52.hxg5 fxg5 53.Ne5 Rh7 54.Kf6 Nc7 55.Rb8+ Ne8+ 56.Kxg5 Rg7+
57.Kf4 Ke7 58.Rb7+ Kd8 59.Nc6+ Kc8 60.Nxa7+ Kd8 61.Nc6+ Kc8 62.Rxg7 Nxg7
63.Ne7+ Kd8 64.Nxd5 Bc2 65.a5 Ne6+ 66.Ke5 Ng5 67.Nb4 Nf3+ 68.Bxf3 {#r} 1-0

[Event "TCh-LTU 2017"]
[Site "masterchessopen.com Lithuania LTU"]
[Date "2017.02.18"]
[Round "4.8"]
[White "Martinkus,R"]
[Black "Valantiejus,Vaidotas"]
[Result "0-1"]
[WhiteElo "2198"]
[BlackElo "2174"]
[EventType "team"]

1.g3 d5 2.Bg2 Nf6 3.d3 e6 4.Nd2 Be7 5.e4 O-O 6.e5 Nfd7 7.Ngf3 c5 8.O-O Nc6
9.Re1 Qc7 10.Qe2 b6 11.c4 d4 12.Nf1 Bb7 13.h4 Rae8 14.Bf4 Bd8 15.N1h2 Qb8
16.h5 Qa8 17.Ng4 f5 18.exf6 Nxf6 19.Nxf6+ Bxf6 20.Ng5 Bxg5 21.Bxg5 Nb4 22.Bxb7
Qxb7 23.a3 Nc6 24.Qe4 Qd7 25.Re2 Rf5 26.f4 h6 27.g4 Rff8 28.Bh4 Nd8 29.Rf1 Nf7
30.Rff2 Nd6 31.Qg6 Qf7 32.Re5 Qd7 33.Ree2 Rf7 34.Re5 Rff8 35.b4 Nf7 36.Re1 e5
37.bxc5 bxc5 38.f5 e4 39.Rxe4 Rxe4 40.dxe4 Ne5 41.Qa6 d3 {#R} 0-1

[Event "TCh-SVK 2016-17"]
[Site "masterchessopen.com Slovakia SVK"]
[Date "2017.02.18"]
[Round "7.1"]
[White "Miton,K"]
[Black "Druska,J"]
[Result "1-0"]
[WhiteElo "2612"]
[BlackElo "2457"]

1.d4 d5 2.c4 e6 3.g3 Nf6 4.Bg2 Bb4+ 5.Nd2 O-O 6.Qc2 Nc6 7.Nf3 dxc4 8.Qxc4 Qd5
9.O-O Bxd2 10.Qxd5 exd5 11.Bxd2 Re8 12.e3 Ne4 13.Rfc1 Nxd2 14.Nxd2 Be6 15.Rc5
Red8 16.Rac1 Kf8 17.a3 a6 18.b4 Rd7 19.Bf1 Re7 20.Nb3 Ke8 21.R5c2 Nd8 22.Rxc7
Rxc7 23.Rxc7 Rc8 24.Rxc8 Bxc8 25.Bg2 Be6 26.Nc5 Ke7 27.Kf1 Kd6 28.Ke1 Bc8
29.Kd2 b6 30.Na4 b5 31.Nc5 f6 32.Kc3 Nf7 33.e4 dxe4 34.Bxe4 Ng5 35.Bg2 h6
36.f4 Ne6 37.Bh3 g6 38.Ne4+ Ke7 39.d5 f5 40.dxe6 fxe4 41.Kd4 Bb7 42.Ke3 {#r}
1-0

[Event "TCh-SVK 2016-17"]
[Site "masterchessopen.com Slovakia SVK"]
[Date "2017.02.18"]
[Round "7.4"]
[White "Schwarz,Du"]
[Black "Nayhebaver,Martin"]
[Result "0-1"]
[WhiteElo "2276"]
[BlackElo "2442"]

1.d4 Nf6 2.c4 e6 3.Nc3 Bb4 4.f3 c5 5.d5 O-O 6.e4 b5 7.Bg5 h6 8.Bh4 d6 9.Bd3
exd5 10.cxd5 c4 11.Bc2 Ba5 12.a3 Na6 13.Ne2 b4 14.axb4 Nxb4 15.Bxf6 gxf6
16.O-O Bb6+ 17.Kh1 f5 18.exf5 Qf6 19.Ng3 Qd4 20.Be4 Bd7 21.Nce2 Qxd1 22.Rfxd1
Rab8 23.Nh5 f6 24.Nef4 Kf7 25.Ne6 Rfc8 26.Nhf4 c3 27.bxc3 Rxc3 28.Ne2 Rc4
29.Bd3 Nxd3 30.Rxd3 Rbc8 31.g4 Bb5 32.Rda3 a6 33.Rxa6 Bxa6 34.Rxa6 Rc2 35.Rxb6
Rxe2 36.Rb7+ Kg8 37.Rb1 Rcc2 38.Nf4 Rxh2+ 39.Kg1 Rb2 40.Re1 Rhd2 41.Ra1 Ra2
42.Rb1 Rdb2 43.Rc1 Kf7 44.Rc7+ Ke8 45.Rc1 Rc2 46.Re1+ Kf7 47.Rb1 Ra3 48.Nh5
Re3 49.Rb7+ Re7 50.Rb1 Rd2 51.Nf4 Ra7 52.Re1 Rd4 53.Ne6 Rxd5 54.Kg2 Rd3 55.Rh1
Ra2+ 56.Kg3 Raa3 57.Rxh6 Rxf3+ 58.Kg2 Rfb3 59.Rh7+ Kg8 {#R} 0-1

[Event "WCh Women 2017"]
[Site "masterchessopen.com Tehran IRI"]
[Date "2017.02.17"]
[Round "3.1"]
[White "Pham Le Thao Nguyen"]
[Black "Muzychuk,A"]
[Result "0-1"]
[WhiteElo "2351"]
[BlackElo "2558"]

1.e4 c5 2.c3 g6 3.d4 cxd4 4.cxd4 d5 5.e5 Bg7 6.Nc3 Nc6 7.h3 f6 8.exf6 exf6
9.Nf3 Nge7 10.Be2 O-O 11.O-O g5 12.Ne1 h6 13.Be3 Be6 14.Nc2 Qd6 15.Qd2 Rae8
16.Nb5 Qd7 17.Nb4 Nxb4 18.Qxb4 a6 19.Nc3 f5 20.f4 Nc6 21.Qb6 Bf7 22.Bf2 Re6
23.Bd1 Nxd4 24.Qc5 b6 25.Qa3 b5 26.Kh1 Qe7 27.Qxe7 Rxe7 28.Bxd4 Bxd4 29.Bb3
Bxc3 30.bxc3 g4 31.hxg4 fxg4 32.Rad1 Re3 33.f5 Rxc3 34.Kh2 Rd8 35.Rd4 h5
36.Rfd1 Kg7 37.Bxd5 Rxd5 38.Rxd5 Bxd5 39.Rxd5 Ra3 40.Rd6 b4 41.Rg6+ Kf7 42.Rh6
a5 43.Rb6 h4 44.Rg6 Rxa2 45.Rxg4 Kf6 46.Rxh4 b3 47.Rh6+ Kxf5 48.Rb6 a4 49.Kh3
b2 50.g4+ Ke5 51.g5 Ra3+ {#R} 0-1

[Event "WCh Women 2017"]
[Site "masterchessopen.com Tehran IRI"]
[Date "2017.02.17"]
[Round "3.1"]
[White "Dzagnidze,N"]
[Black "Shen Yang"]
[Result "1-0"]
[WhiteElo "2525"]
[BlackElo "2479"]

1.c4 c6 2.d4 d5 3.cxd5 cxd5 4.Bf4 Nf6 5.Nc3 Nc6 6.e3 a6 7.Bd3 Bg4 8.Nge2 e6
9.O-O Be7 10.Rc1 Rc8 11.Bg3 Bh5 12.f3 Bg6 13.Nf4 Bxd3 14.Nxd3 Nd7 15.Na4 O-O
16.Rf2 Qa5 17.a3 Bg5 18.f4 Be7 19.b4 Qb5 20.f5 a5 21.Nac5 Bxc5 22.Nxc5 Nf6
23.fxe6 fxe6 24.Nxe6 Rf7 25.Nxg7 Kxg7 26.Rxf6 Rxf6 27.Qg4+ Kf7 28.Qxc8 axb4
29.Qd7+ Kg8 30.Qe8+ Rf8 31.Qe6+ Rf7 32.axb4 Nd8 33.Qg4+ Kf8 34.h3 Ke8 35.Bh4
{#r} 1-0

[Event "19th Lienz Open 2017"]
[Site "masterchessopen.com Lienz AUT"]
[Date "2017.02.17"]
[Round "8.1"]
[White "Sebenik,M"]
[Black "Sanal,V"]
[Result "0-1"]
[WhiteElo "2534"]
[BlackElo "2475"]

1.d4 Nf6 2.c4 e6 3.Nf3 b6 4.g3 Bb7 5.Bg2 Be7 6.O-O O-O 7.d5 exd5 8.Nh4 c6
9.cxd5 Nxd5 10.Nf5 Nf6 11.e4 d5 12.Nc3 Nbd7 13.Bf4 Bc5 14.e5 Ne8 15.Re1 g6
16.Bh3 gxf5 17.Bxf5 Ng7 18.Qg4 h5 19.Qh3 Nxf5 20.Qxf5 Qe7 21.Qxh5 Qe6 22.Bh6
Rfe8 23.Ne4 dxe4 24.Rxe4 Nxe5 {#R} 0-1

[Event "19th Lienz Open 2017"]
[Site "masterchessopen.com Lienz AUT"]
[Date "2017.02.17"]
[Round "8.2"]
[White "Romanov,E"]
[Black "Yilmazyerli,M"]
[Result "1-0"]
[WhiteElo "2644"]
[BlackElo "2454"]

1.d4 d5 2.Nf3 Nf6 3.e3 g6 4.c4 Bg7 5.Nc3 O-O 6.cxd5 Nxd5 7.Bc4 Nb6 8.Bb3 c5
9.O-O c4 10.Bc2 Nc6 11.h3 f5 12.a4 a5 13.Qe2 e5 14.Nxe5 Nxe5 15.dxe5 Bxe5
16.f4 Bg7 17.e4 fxe4 18.Be3 Bxc3 19.bxc3 Qc7 20.Bd4 Bd7 21.Rab1 Nd5 22.Bxe4
Bc6 23.f5 {#r} 1-0

[Event "19th Lienz Open 2017"]
[Site "masterchessopen.com Lienz AUT"]
[Date "2017.02.17"]
[Round "8.4"]
[White "Esen,B"]
[Black "Gusain,H"]
[Result "1-0"]
[WhiteElo "2528"]
[BlackElo "2438"]

1.Nf3 d5 2.d4 c6 3.c4 dxc4 4.e3 Be6 5.a4 Nf6 6.Na3 Bd5 7.Nxc4 e6 8.Be2 c5
9.O-O Nc6 10.b3 Be7 11.Bb2 O-O 12.Nfe5 Nxe5 13.dxe5 Nd7 14.Qc2 Qc7 15.f4 Rfd8
16.e4 Bc6 17.f5 Bg5 18.Nd6 Nf6 19.fxe6 fxe6 20.Bc4 Bd7 21.Nb5 Bxb5 22.Bxe6+
Kf8 23.axb5 Be3+ 24.Kh1 Rd2 25.Qc3 Rxb2 26.exf6 Bd4 27.fxg7+ Kxg7 28.Qh3 Rf2
29.Rxf2 Bxf2 30.Rd1 Rd8 31.Qg4+ Kh8 32.Rd7 Ra8 {#r} 1-0

[Event "19th Lienz Open 2017"]
[Site "masterchessopen.com Lienz AUT"]
[Date "2017.02.17"]
[Round "8.6"]
[White "Moskalenko,A"]
[Black "Mazi,L"]
[Result "1-0"]
[WhiteElo "2488"]
[BlackElo "2355"]

1.d4 Nf6 2.Nf3 g6 3.Bf4 d6 4.e3 Bg7 5.h3 O-O 6.c3 b6 7.a4 Bb7 8.Bh2 Nbd7 9.a5
c6 10.Nbd2 b5 11.Bd3 a6 12.O-O Ne8 13.Qe2 e5 14.Rfd1 Qe7 15.Bc2 Nc7 16.dxe5
dxe5 17.Ne4 Rad8 18.Rd2 h6 19.Nd6 Ba8 20.e4 Kh7 21.Qe3 c5 22.Rad1 Bc6 23.b4 f6
24.Nh4 Ne6 25.Nxg6 Kxg6 26.Nf5 Qf7 27.Rd6 Nb8 28.Rxe6 Rxd1+ 29.Bxd1 Rd8 30.Rd6
Rxd6 31.Nxd6 Qa2 32.bxc5 Nd7 33.Bg3 Bf8 34.Bg4 Qa3 35.Bf5+ Kg7 36.Qf3 Qc1+
37.Kh2 Nxc5 38.Qh5 {#r} 1-0

[Event "19th Lienz Open 2017"]
[Site "masterchessopen.com Lienz AUT"]
[Date "2017.02.17"]
[Round "8.7"]
[White "Iniyan,P"]
[Black "Diermair,A"]
[Result "0-1"]
[WhiteElo "2396"]
[BlackElo "2465"]

1.d4 d5 2.c4 c6 3.Nf3 Nf6 4.Nc3 dxc4 5.a4 Bf5 6.Ne5 Nbd7 7.Nxc4 Qc7 8.g3 e5
9.dxe5 Nxe5 10.Bf4 Nfd7 11.Bg2 f6 12.O-O g5 13.Bxe5 Nxe5 14.Qd4 Qd7 15.Qe3 Qe7
16.Nxe5 Qxe5 17.Qxe5+ fxe5 18.Be4 Be6 19.a5 a6 20.Na4 Rd8 21.Bd3 Rd4 22.Nc3
Be7 23.Rfc1 Rb4 24.Rab1 Kf7 25.b3 h6 26.Bc4 Bxc4 27.bxc4 Rd8 28.Nd1 Ke6 29.Ne3
Rd7 30.Kg2 Ra4 31.Ra1 Rxa1 32.Rxa1 Bc5 33.Nf1 Bb4 34.Ra4 Bc3 35.Ra3 Be1 36.g4
Rd4 37.Ne3 Bd2 38.h3 e4 39.Nf1 Be1 40.Rb3 Rd7 41.Ng3 Ke5 42.Re3 Rd4 43.Rb3 Rd7
44.Nxe4 Rf7 45.Re3 Kd4 46.Kf1 Bxf2 47.Rf3 Rxf3 48.exf3 Be3 49.Ke2 Bf4 50.c5
Bc7 51.Nd6 Kxc5 52.Nf7 Bxa5 53.Nxh6 Bd8 54.Nf7 Be7 55.f4 gxf4 56.g5 Kd5 57.g6
Ke6 58.Ne5 Bf8 59.Nd3 Kf5 60.Nc5 a5 61.Nxb7 a4 62.Na5 a3 63.Nxc6 a2 64.Nd4+
Kxg6 65.Nb3 Bg7 66.Kf3 Kf5 {#R} 0-1

[Event "19th Lienz Open 2017"]
[Site "masterchessopen.com Lienz AUT"]
[Date "2017.02.17"]
[Round "8.9"]
[White "Christiansen,Johan-Sebastian"]
[Black "Praveen Kumar,C1"]
[Result "0-1"]
[WhiteElo "2432"]
[BlackElo "2279"]

1.e4 e6 2.d4 d5 3.Nc3 Bb4 4.e5 c5 5.a3 Bxc3+ 6.bxc3 Ne7 7.Qg4 Qc7 8.Qxg7 Rg8
9.Qxh7 cxd4 10.Kd1 Nbc6 11.Nf3 dxc3 12.Ng5 Rf8 13.f4 Bd7 14.Rb1 Na5 15.Be2 Nf5
16.g4 Ne7 17.Qg7 O-O-O 18.Nxf7 Rxf7 19.Qxf7 Qc5 20.Ke1 d4 21.Bd3 Nd5 22.f5 Ne3
23.fxe6 Be8 24.Qg7 Qd5 25.Rg1 Nxc2+ 26.Kf2 Bc6 27.Qf6 Ne3 28.e7 Re8 29.Kg3
Nac4 30.Bg6 Rg8 31.Bxe3 Nxe3 32.Bf7 Rxg4+ 33.Kh3 Qg2+ 34.Rxg2 Bxg2# 0-1

[Event "19th Lienz Open 2017"]
[Site "masterchessopen.com Lienz AUT"]
[Date "2017.02.17"]
[Round "8.12"]
[White "Rathnakaran,K"]
[Black "Pantzar,Milton"]
[Result "0-1"]
[WhiteElo "2407"]
[BlackElo "2271"]

1.e4 e5 2.Nf3 Nc6 3.Bc4 Bc5 4.c3 Nf6 5.d3 d6 6.Bb3 a6 7.h3 Ba7 8.Nbd2 O-O
9.Nf1 d5 10.Qe2 Be6 11.Ng5 dxe4 12.dxe4 Bxb3 13.axb3 h6 14.Nf3 Qd7 15.g4 Rad8
16.Ng3 Qe6 17.g5 hxg5 18.b4 Nh7 19.Bxg5 Nxg5 20.Nxg5 Qf6 21.h4 Rd7 22.Nh5 Qg6
23.Rg1 Qh6 24.Qg4 Rfd8 25.Nf3 f6 26.Qf5 Rf7 27.Ke2 Ne7 28.Qg4 f5 29.exf5 e4
30.Ng5 Rxf5 31.Rg2 e3 32.fxe3 Qd6 33.Qc4+ Nd5 34.Nxg7 Re5 35.Nf5 Qg6 36.Qg4
Nxe3 37.Nxe3 Rxe3+ 38.Kf1 Rf8+ 39.Kg1 Rh3+ 40.Qd4 Bxd4+ 41.cxd4 Rxh4 42.Re1
Kh8 {#R} 0-1

[Event "St Louis Winter GM 2017"]
[Site "masterchessopen.com Saint Louis USA"]
[Date "2017.02.17"]
[Round "2.2"]
[White "Arribas Lopez,A"]
[Black "Checa,Nicolas D"]
[Result "1-0"]
[WhiteElo "2511"]
[BlackElo "2400"]

1.e4 e6 2.d4 d5 3.Nc3 Bb4 4.exd5 exd5 5.Bd3 Nf6 6.a3 Be7 7.h3 O-O 8.Qf3 b6
9.Nge2 Ba6 10.g4 Bxd3 11.cxd3 c6 12.Ng3 Ne8 13.h4 Nd6 14.Bf4 Nd7 15.Kf1 Re8
16.g5 Nf8 17.Re1 Ne6 18.Be5 Qd7 19.Nd1 Nb5 20.Nf5 Bd6 21.Qg4 Bxe5 22.dxe5 Rad8
23.Rg1 c5 24.Nde3 Ned4 25.f4 Nxf5 26.Nxf5 g6 27.Nh6+ Kg7 28.Qxd7 Rxd7 29.Ng4
Rdd8 30.Nf6 Rh8 31.e6 fxe6 32.Rxe6 Kf7 33.Re5 Nd4 34.Kf2 Nc6 35.Re3 d4 36.Re4
Ne7 37.h5 Nf5 38.Re5 Rd6 39.Rh1 Rdd8 40.Nxh7 Ne7 41.Nf6 gxh5 42.Nxh5 Ng6
43.Rf5+ Ke7 44.Rf6 Rdg8 45.f5 Nf8 46.g6 Nd7 47.Rf7+ Kd6 48.Rxd7+ {#r} 1-0

[Event "St Louis Winter GM 2017"]
[Site "masterchessopen.com Saint Louis USA"]
[Date "2017.02.17"]
[Round "2.3"]
[White "Gorovets,A"]
[Black "Berczes,D"]
[Result "1-0"]
[WhiteElo "2533"]
[BlackElo "2479"]

1.Nf3 Nf6 2.c4 e6 3.b3 d5 4.Bb2 c5 5.g3 Nc6 6.e3 d4 7.exd4 cxd4 8.Bg2 Be7
9.O-O e5 10.Re1 Nd7 11.b4 Nxb4 12.Nxe5 Nxe5 13.Rxe5 O-O 14.Qb3 a5 15.Na3 Bf6
16.Rb5 d3 17.Re1 Be6 18.Rxb7 Rc8 19.Bc3 Bxc3 20.Qxc3 Nc2 21.Rxe6 Nxa3 22.Rc6
Rxc6 23.Bxc6 Nc2 24.Bd5 Nb4 25.Qd4 Qe8 26.Be4 Qa4 27.Bxd3 Qxa2 28.c5 Nxd3
29.Qxd3 Qe6 30.Rb6 Qe1+ 31.Kg2 h5 32.h4 a4 33.Ra6 Qe5 34.Qc4 Rd8 35.c6 Rd4
36.Ra8+ Kh7 37.Qxf7 Rxd2 38.Rxa4 Qc5 39.Ra7 Qxc6+ 40.Kh2 Qg6 41.Qf8 Rd1 42.Ra8
Qf6 43.Qg8+ Kh6 44.Qh8+ Kg6 45.Qe8+ Kh6 46.Qe3+ Kh7 47.Qe4+ g6 48.Ra7+ Kh6
49.Qe3+ {#r} 1-0

[Event "St Louis Winter GM 2017"]
[Site "masterchessopen.com Saint Louis USA"]
[Date "2017.02.17"]
[Round "2.5"]
[White "Kumar,Nikhil"]
[Black "Burke,John M"]
[Result "0-1"]
[WhiteElo "2479"]
[BlackElo "2495"]

1.d4 Nf6 2.c4 g6 3.Nc3 d5 4.cxd5 Nxd5 5.e4 Nxc3 6.bxc3 Bg7 7.Qa4+ Nd7 8.Nf3 c5
9.Be2 O-O 10.O-O b6 11.Qa3 e5 12.Rd1 exd4 13.cxd4 Bb7 14.e5 cxd4 15.Bg5 Qb8
16.Be7 Re8 17.Bd6 Bf8 18.Bb5 Nxe5 19.Bxb8 Nxf3+ 20.gxf3 Bxa3 21.Bxe8 Rxb8
22.Rd3 Bb2 23.Rb1 Bc3 24.Ba4 Rc8 25.Kg2 Rc5 26.Rbd1 Rg5+ 27.Kh1 Rf5 28.Kg2
Rg5+ 29.Kh1 Kg7 30.Rc1 b5 31.Bb3 b4 32.Rg1 Rf5 33.Rg3 a5 34.Bc2 Re5 35.Rd1 Re2
36.Bb3 Rxf2 37.Kg1 Re2 38.Bc4 Rb2 39.Rg2 Bxf3 40.Rxb2 Bxd1 41.Rf2 f5 42.Kf1 a4
43.h3 Kf6 44.h4 b3 45.axb3 axb3 46.Bd3 b2 47.Bb1 Ke5 48.Kg2 f4 49.h5 Bxh5
50.Kh3 Bd1 51.Rf1 Be2 {#R} 0-1

[Event "St Louis Winter GM 2017"]
[Site "masterchessopen.com Saint Louis USA"]
[Date "2017.02.17"]
[Round "3.1"]
[White "Checa,Nicolas D"]
[Black "Ali Marandi,C"]
[Result "1-0"]
[WhiteElo "2400"]
[BlackElo "2495"]

1.d4 f5 2.Bg5 h6 3.Bh4 g5 4.e3 Nf6 5.Bg3 Bg7 6.Nc3 O-O 7.Bc4+ d5 8.Bb3 Be6
9.Nf3 c6 10.Ne5 Nbd7 11.h4 g4 12.Ne2 Ne4 13.Nxd7 Bxd7 14.Bf4 a5 15.c3 Qb6
16.Rb1 e6 17.f3 Nf6 18.Ng3 c5 19.Bc2 Bb5 20.Be5 Rf7 21.dxc5 Qxc5 22.Qd4 Qe7
23.Bd1 Rc8 24.b3 Qa3 25.Bc2 Nd7 26.Bxg7 Rxg7 27.Nh5 Rf7 28.fxg4 Qxa2 29.Qd2
Ne5 30.gxf5 exf5 31.Rh3 Re8 32.Rg3+ Kf8 33.Nf4 Ng4 34.Bxf5 Rxf5 35.Qxa2 Rxf4
36.Qa3+ Kf7 37.Qc5 Rxe3+ 38.Rxe3 Nxe3 39.Qxb5 {#r} 1-0

[Event "St Louis Winter GM 2017"]
[Site "masterchessopen.com Saint Louis USA"]
[Date "2017.02.17"]
[Round "3.4"]
[White "Abrahamyan,T"]
[Black "Gorovets,A"]
[Result "0-1"]
[WhiteElo "2327"]
[BlackElo "2533"]

1.e4 c5 2.Nf3 d6 3.d4 cxd4 4.Nxd4 Nf6 5.Nc3 a6 6.f3 g6 7.Be3 b5 8.Qd2 Bb7
9.O-O-O h5 10.Nb3 Nbd7 11.Kb1 Rc8 12.Nd5 Nxd5 13.exd5 Nf6 14.Bd4 Bh6 15.Qa5
Qd7 16.h3 O-O 17.Bxf6 exf6 18.g4 hxg4 19.hxg4 Kg7 20.Qb6 Rfe8 21.Qf2 Qe7
22.Bd3 Be3 23.Qg3 Qe5 24.Qxe5 Rxe5 25.Be4 f5 26.gxf5 gxf5 27.Bd3 Bxd5 28.Rhf1
f4 29.c3 Rh8 30.Bc2 Rh2 31.Nc1 Rg5 32.Nd3 Bc4 33.Rh1 Rxh1 34.Rxh1 Rg3 35.Ne1
Bd5 36.Bd1 Bd2 37.Nd3 Bxf3 38.Bxf3 Rxf3 39.Kc2 Be3 40.Kd1 Rg3 41.Ke2 Rg2+
42.Kf3 Rd2 43.Nxf4 Bxf4 44.Kxf4 Rxb2 45.Rd1 Rf2+ 46.Ke4 Re2+ 47.Kd5 Rxa2
48.Kxd6 Rc2 49.Rg1+ Kf8 50.Ra1 Rxc3 51.Rxa6 Re3 52.Ra5 Re6+ 53.Kd5 Rh6 54.Ra8+
Kg7 55.Rb8 Rh5+ 56.Ke4 f6 57.Kf4 Rc5 58.Ke4 Kg6 59.Rg8+ Kf7 60.Rb8 Re5+ 61.Kf4
Ke7 62.Rb6 Rh5 63.Kg4 Rd5 64.Kf4 f5 65.Rc6 Kd7 66.Rc1 b4 67.Rb1 Rb5 {#R} 0-1

[Event "St Louis Winter GM 2017"]
[Site "masterchessopen.com Saint Louis USA"]
[Date "2017.02.17"]
[Round "3.5"]
[White "Burke,John M"]
[Black "Liang,Awonder"]
[Result "0-1"]
[WhiteElo "2495"]
[BlackElo "2493"]

1.e4 e5 2.Nf3 Nc6 3.Bb5 a6 4.Ba4 d6 5.c3 Bd7 6.d4 g6 7.O-O Bg7 8.Be3 Nge7 9.d5
Nb8 10.Bxd7+ Nxd7 11.c4 h6 12.Nfd2 f5 13.f3 f4 14.Bf2 g5 15.g4 fxg3 16.hxg3
O-O 17.Nc3 Nf6 18.c5 Qd7 19.Kg2 g4 20.fxg4 Nxg4 21.Bg1 h5 22.cxd6 cxd6 23.Nc4
Rxf1 24.Qxf1 Rf8 25.Qe2 b5 26.Ne3 Nf6 27.Rf1 b4 28.Ncd1 h4 29.gxh4 Ng6 30.Kh1
Nxh4 31.Nf2 Bh6 32.Nfg4 Bf4 33.Bh2 Nxe4 34.Rg1 Kh8 35.Ng2 Qxg4 36.Qxe4 Qh3
37.Nxf4 Rxf4 38.Qe2 Nf3 39.Rg3 Qxh2+ 40.Qxh2+ Nxh2 41.Kxh2 Rd4 42.a3 a5
43.axb4 axb4 44.Kh3 Kh7 45.Rg1 Rxd5 46.Rg4 Rd4 47.Rxd4 exd4 48.Kg4 Kg6 49.Kf4
d5 50.Kg4 Kf6 51.Kf4 Ke6 52.Kg4 Ke5 53.Kf3 Kf5 54.Ke2 Ke4 55.Kd2 d3 56.Kd1 Kd4
{#R} 0-1